Elektronická príručka programovania v systéme ISO : Diplomová práca

Salvato in:
Dettagli Bibliografici
Autore principale: Masár, Ján (Autore)
Altri autori: Pokorný, Peter, 1976- (xxx)
Natura: Manoscritto Libro
Lingua:slovacco
Pubblicazione: Trnava : STU v Bratislave MtF KOM, 2006
Soggetti:
Tags: Aggiungi Tag
Nessun Tag, puoi essere il primo ad aggiungerne!!

MARC

LEADER 00000ntm a22000003a 4500
001 stu120252
005 20160719155434.6
008 060608s2006----xo------------------slo-d
040 |a STU  |b slo 
041 0 |a slo 
044 |a xo 
100 1 |a Masár, Ján  |4 aut 
245 1 |a Elektronická príručka programovania v systéme ISO :  |b Diplomová práca 
260 |a Trnava :  |b STU v Bratislave MtF KOM,  |c 2006 
300 |a 102 s  |c 1 CD 
650 7 |a technológie strojárskej výroby  |2 stusub 
700 1 |a Pokorný, Peter,  |d 1976-  |4 xxx  |u M3000  |U MTF Materiálovotechnologická fakulta  |T MTF Ústav výrobných technológií  |X 2771  |U M3000  |Y 83  |7 A000002771 
996 |b 284M073347  |c M*DP-6015  |l MMSKP  |s P  |a 0  |w stu120252_0001